000 01705cam a22003131 4500
001 20883
003 IVS
005 20260408161320.0
008 751022s1966 enkaf b 000 0 eng
010 _a 66069088
015 _aGB66-20627
035 _a(OCoLC)1724209
040 _aDLC
_cFU
_dOCoLC
_dUk
_dDLC
042 _apremarc
050 0 0 _aND623.B9
_bS34 1966
082 _a709.45 SAL
_b20883
_223
100 0 _aSalmi, Mario
245 1 4 _aThe Complete Work of Michelangelo:(Vol-1)/
_c[edited] by Mario Salmi.
260 _aLondon,
_bMacdonald & Co. Publishers
_c[1966]
300 _a272 p.
_billus. 32 col. plates.
504 _aBibliography: v. 2, pp. 585-593.
520 _aContemporaries saw Michelangelo as the greatest artist of all time, recognizing in his creations an inspiration more divine than human. Today our appreciation of Michelangelo's sublime vision, and of his matchless gifts as sculptor, painter, architect and poet, has been strengthened and enriched by the perspective of four centuries. And Michelangelo himself has become the archetype of the artist of genius - dedicated, solitary, single-minded, tormented, unsatisfied and undefeated. In this lucid and authoritative introduction to Michelangelo's life and work, Linda Murray explores the political and religious context of his career, the recurring themes in his work and the complex symbolism and iconography of his greatest masterpieces.
_b Book jacket.
650 _arenaissance history
_vMichelangelo
650 _aPaintings/Painters
_zItaly
650 _aArtists--Italy--Biography
700 1 _aSalmi, Mario,
_d1889-1980,
_eed.
906 _a7
_bcbc
_coclcrpl
_du
_encip
_f19
_gy-gencatlg
942 _2ddc
_cBK
_n0
999 _c14535
_d14535